000 00736nam a2200217 4500
003 OSt
005 20260601171009.0
008 260420b1979\\\\sp\a||||\||||\00|\0\spa\d
020 _a8425209528
040 _aICI
_bspa
_cICI
050 _aP91
_bA52
100 1 _aAicher, Otl,
_d1922-1991,
_932852
245 1 _aSistemas de signos en la comunicación visual /
_cOtl Aicher, Martin Krampen versión castellana de Reinald Bernet y Erundina Vilaplana
264 _bGustavo Gili,
_c1979
_aBarcelona :
300 _a155 páginas
_bilustraciones, planos
_c30 cm.
336 _atexto
_2rdacontent
337 _asin medio
_2rdamedia
338 _avolumen
_2rdacarrier
650 4 _aComunicación
_xAuxiliares audiovisuales
_932853
942 _2lcc
_cB
999 _c20435
_d20435